Motivace studentů pedagogických fakult k volbě učitelské profese

Získavanie a udržanie si kvalitných učiteľov v učiteľskej profesii. Motivácia, názory a rozdiely študentov pedagogických fakúlt pri voľbe a rozhodovaní, stať sa učiteľom. Záujem študentov o učiteľskú profesiu - realizovaný výskum.

Gespeichert in:
Bibliographische Detailangaben
1. Verfasser: Zelinková, Anna
Format: Buchkapitel
Sprache:Tschechisch
Schlagworte:
Tags: Tag hinzufügen
Keine Tags, Fügen Sie das erste Tag hinzu!

MARC

LEADER 00000naa$a2200000$$$4500
001 0204696
005 20230919102155.3
041 0 |a cze 
044 |a CZ 
245 1 0 |a Motivace studentů pedagogických fakult k volbě učitelské profese  |c Anna Zelinková 
520 |a Získavanie a udržanie si kvalitných učiteľov v učiteľskej profesii. Motivácia, názory a rozdiely študentov pedagogických fakúlt pri voľbe a rozhodovaní, stať sa učiteľom. Záujem študentov o učiteľskú profesiu - realizovaný výskum. 
610 2 0 |a školy vysoké 
610 2 0 |a štúdium vysokoškolské 
610 2 0 |a programy študijné 
610 2 0 |a vysokoškoláci 
610 2 0 |a pedagogika 
610 2 0 |a učitelia 
610 2 0 |a politika vzdelávania 
100 1 |a Zelinková, Anna